000 00952nam a2200253Ia 4500
003 OSt
005 20221002045920.0
006 a|||||r|||| 00| 0
007 ta
008 220930b |||||||| |||| 00| 0 hin d
020 _a9788178542607 (hbk)
_c9500
024 _a17388
037 _b120, 21/03/2015, Mallika Books
_cReference Collections
040 _aCRL
_cCRL
_bhin
041 _2hin
_ahin
082 _aO152,6N19x, Q3.1-.5(RR)
100 _aटण्डन, नीरजा, संपा.
245 0 _aडॉ0 राकेशगुप्त रचनावली
260 _aदिल्ली
_b ईस्टर्न बुक लिंकर्स
_c2013
490 _vभाग 1
650 _aहिन्दी साहित्य
942 _hO152,6N19x, Q3.1-.5(RR)
_cref
_2CC
999 _c913397
_d913397